Частная дерматоонкология. Ч. 1: Опухоли, опухолеподобные образования и пороки развития эпидермиса и придатков кожи (Запись № 11967483)
[ простой вид ]
| 000 -МАРКЕР | |
|---|---|
| контрольное поле | 01454nam2a2200289 i 4500 |
| 001 - ИДЕНТИФИКАТОР ЗАПИСИ | |
| контрольное поле | RU\NLR\BIBL_A\011495156 |
| 005 - ИДЕНТИФИКАТОР ВЕРСИИ | |
| контрольное поле | 20240921180009.0 |
| 010 ## - МЕЖДУНАРОДНЫЙ СТАНДАРТНЫЙ НОМЕР КНИГИ (ISBN) | |
| Номер (ISBN) | 9785904037772 |
| Тираж | 200 |
| 021 ## - НОМЕР ГОСУДАРСТВЕННОЙ РЕГИСТРАЦИИ | |
| Код страны | Российская Федерация |
| Номер | 2017-69143 |
| Номер Листа государственной регистраци | 4904 |
| 035 ## - ДРУГИЕ СИСТЕМНЫЕ НОМЕРА | |
| Идентификатор записи | (NLR Aleph) 011495156 |
| 100 ## - ДАННЫЕ ОБЩЕЙ ОБРАБОТКИ | |
| Данные общей обработки | 20171012d2017 k y0rusy50 ca |
| 101 0# - ЯЗЫК РЕСУРСА | |
| Язык текста, звукозаписи и т.д. | русский |
| 102 ## - СТРАНА ПУБЛИКАЦИИ ИЛИ ПРОИЗВОДСТВА | |
| Страна публикации | Российская Федерация |
| 105 ## - ПОЛЕ КОДИРОВАННЫХ ДАННЫХ: ТЕКСТОВЫЕ МАТЕРИАЛЫ, МОНОГРАФИЧЕСКИЕ | |
| Кодированные данные о монографическом текстовом документе | a|||z|||001yy |
| 200 1# - ЗАГЛАВИЕ И СВЕДЕНИЯ ОБ ОТВЕТСТВЕННОСТИ | |
| Основное заглавие | Опухоли, опухолеподобные образования и пороки развития эпидермиса и придатков кожи |
| 210 ## - ПУБЛИКАЦИЯ, РАСПРОСТРАНЕНИЕ И ДР. | |
| Дата издания, распространения и т.д. | 2017 |
| 215 ## - ФИЗИЧЕСКАЯ ХАРАКТЕРИСТИКА | |
| Специфическое обозначение материала и объем | 740 с. |
| Другие сведения о физической характеристике | ил., цв. ил. |
| 320 ## - ПРИМЕЧАНИЯ О НАЛИЧИИ В ДОКУМЕНТЕ БИБЛИОГРАФИИ / УКАЗАТЕЛЯ | |
| Текст примечания | Библиогр. в тексте |
| 320 ## - ПРИМЕЧАНИЯ О НАЛИЧИИ В ДОКУМЕНТЕ БИБЛИОГРАФИИ / УКАЗАТЕЛЯ | |
| Текст примечания | Предм. указ.: с. 731-740 |
| 461 #0 - УРОВЕНЬ НАБОРА | |
| Встроенное поле | 001RU\NLR\BIBL_A\011498961 |
| -- | 2001#$aЧастная дерматоонкология$e[обзор литературы]$fЕлькин В.Д., Митрюковский Л.С., Седова Т.Г.$vЧ. 1 |
| -- | 700#1$aЕлькин$bВ. Д.$gВладимир Дмитриевич |
| Системный номер (АБИС) связанной записи | 11986907 |
| Автор | Елькин, В. Д. |
| Место публикации | Пермь |
| Дата публикации | 2017 |
| Первые сведения об ответственности | Елькин В.Д., Митрюковский Л.С., Седова Т.Г. |
| Имя издателя, распространителя и т.д. | Пермское книжное изд-во |
| Сведения, относящиеся к заглавию | [обзор литературы] |
| Физическая характеристика | 740 с. |
| Заглавие | Частная дерматоонкология |
| Номер тома | Ч. 1 |
| 606 1# - НАИМЕНОВАНИЕ ТЕМЫ КАК ПРЕДМЕТ | |
| Наименование темы | Кожа |
| Тематический подзаголовок | Аномалии |
| Системный номер авторитетной/нормативной записи | 1333721 |
| Идентификатор авторитетной/нормативной записи | RU\NLR\AUTH\66555088 |
| 686 1# - ИНДЕКСЫ ДРУГИХ КЛАССИФИКАЦИЙ | |
| Индекс | Р601.25 |
| 942 ## - ДОПОЛНИТЕЛЬНЫЕ ЭЛЕМЕНТЫ ЗАПИСИ (АБИС) | |
| Тип экземпляра АБИС | Книга |
| 980 ## - КОЛЛЕКЦИЯ | |
| Название коллекции | НБР |
Нет доступных экземпляров.